Wielkie wyzwanie z rosyjskiego słownictwa - Statystyki

Ogólne statystyki
  • Ten quiz został rozwiązany 44 razy
  • Średni wynik to 11 z 20
Statystyki odpowiedzi
Słowo # Odpowiedź % Poprawnych
robić 6 де{лать}
100%
mężczyzna 7 му{жчина}
100%
telefon 7 те{лефон}
100%
pies/znak @ 6 со{бака}
100%
powietrze 6 во{здух}
100%
drzewo 6 де{рево}
100%
Europa 6 Ев{ропа}
100%
język 4 я{зык}
100%
oko 4 г{лаз}
100%
jajko 4 я{йцо}
100%
banan 5 ба{нан}
100%
lustro 7 зе{ркало}
100%
kuchnia 5 ку{хня}
100%
pracować 8 ра{ботать}
100%
duży 7 бо{льшой}
100%
tańczyć 9 та{нцевать}
100%
żółty 6 жё{лтый}
100%
czerwony 7 кр{асный}
100%
zielony 7 зе{лёный}
100%
grać/bawić się 6 иг{рать}
100%
zimny 8 хо{лодный}
100%
ciepły 6 тё{плый}
100%
cukierek 7 ко{нфета}
100%
ciemny 6 тё{мный}
100%
jeden 4 о{дин}
100%
dwa 3 д{ва}
100%
trzy 3 т{ри}
100%
cztery 6 че{тыре}
100%
siedem 4 с{емь}
100%
osiem 6 во{семь}
100%
dziewięć 6 де{вять}
100%
dziesięć 6 де{сять}
100%
zero 4 н{оль}
100%
plecy 5 сп{ина}
100%
rodzina 5 се{мья}
100%
brat 4 б{рат}
100%
siostra 6 се{стра}
100%
syn 3 с{ын}
100%
mięso 4 м{ясо}
100%
ser 3 с{ыр}
100%
Bóg 3 Б{ог}
100%
autobus 7 ав{тобус}
100%
budynek 6 зд{ание}
100%
sklep 7 ма{газин}
100%
głos 5 го{лос}
100%
przyjaciel 4 д{руг}
100%
marzec 4 м{арт}
100%
lipiec 4 и{юль}
100%
środa 5 ср{еда}
100%
tydzień 6 не{деля}
100%
dzień 4 д{ень}
100%
noc 4 н{очь}
100%
dziewczyna 7 де{вочка}
100%
rosyjski (dotyczący kultury) 7 ру{сский}
100%
zegar 4 ч{асы}
100%
minuta 6 ми{нута}
100%
sekunda 7 се{кунда}
100%
co 3 ч{то}
100%
jak 3 к{ак}
100%
kiedy 5 ко{гда}
100%
dokąd 4 к{уда}
100%
mnie 4 м{еня}
100%
mną 4 м{ной}
100%
bezpieczny 10 бе{зопасный}
100%
wszyscy 3 в{се}
100%
ręka 4 р{ука}
100%
szyja 3 ш{ея}
100%
nienawidzić 10 не{навидеть}
100%
wilk 4 в{олк}
100%
morze 4 м{оре}
100%
jezioro 5 оз{еро}
100%
dużo 5 мн{ого}
100%
mało 4 м{ало}
100%
wolny (na wolności) 9 св{ободный}
100%
mleko 6 мо{локо}
100%
nożyczki 7 но{жницы}
100%
książka 5 кн{ига}
100%
butelka 7 бу{тылка}
100%
człowiek 7 че{ловек}
100%
ciało 4 т{ело}
100%
herbata 3 ч{ай}
100%
stół 4 с{тол}
100%
odpowiedź 5 от{вет}
100%
sok 3 с{ок}
100%
ulica 5 ул{ица}
100%
granica 7 гр{аница}
100%
garaż 5 га{раж}
100%
jeśli 4 е{сли}
100%
grad 4 г{рад}
100%
róża 4 р{оза}
100%
mieszkać, żyć 4 ж{ить}
100%
prawda, racja 6 пр{авда}
100%
jechać 5 ех{ать}
100%
fotel 6 кр{есло}
100%
piekarnik 4 п{ечь}
100%
słaby 6 сл{абый}
100%
daleko 6 да{леко}
100%
być dumnym 9 го{рдиться}
100%
skóra 4 к{ожа}
100%
mapa/karta 5 ка{рта}
100%
bransoletka 7 бр{аслет}
100%
naród 5 на{род}
100%
plakat 6 пл{акат}
100%
gazeta 6 га{зета}
100%
odzież/ubranie 6 од{ежда}
100%
śpiewać 4 п{еть}
100%
życie 5 жи{знь}
100%
informacja 10 ин{формация}
100%
ogromny 8 ог{ромный}
100%
długi (w przestrzeni) 7 дл{инный}
100%
alfabet 7 ал{фавит}
100%
muzyka 6 му{зыка}
100%
prezydent 9 пр{езидент}
100%
on 2 о{н}
100%
ono 3 о{но}
100%
my 2 м{ы}
100%
ja 1 я
100%
przygotowywać się 10 го{товиться}
100%
pomidor 7 по{мидор}
100%
Białoruś 8 Бе{ларусь}
100%
tani 7 де{шёвый}
100%
kosztować 6 ст{оить}
100%
chleb 4 х{леб}
100%
dziękuję 7 сп{асибо}
100%
przepraszam 6 из{вини}
100%
cukier 5 са{хар}
100%
sól 4 с{оль}
100%
wykład 6 ле{кция}
100%
kawiarnia 4 к{афе}
100%
karmić 7 ко{рмить}
100%
liść 4 л{ист}
100%
prysznic 3 д{уш}
100%
policja 7 по{лиция}
100%
lekarz 4 в{рач}
100%
restauracja 8 ре{сторан}
100%
przód/przed 5 пе{ред}
100%
prawo (strona lub przyzwolenie) 5 пр{аво}
100%
wieczór 5 ве{чер}
100%
oczywiście 7 ко{нечно}
80%
brzuch 5 жи{вот}
75%
jutro 6 за{втра}
75%
kawa 4 к{офе}
75%
mieszkanie 8 кв{артира}
67%
łóżko 7 кр{овать}
67%
pieniądze 6 де{ньги}
67%
imię 3 и{мя}
67%
stary 6 ст{арый}
67%
młody 7 мо{лодой}
67%
apteka 6 ап{тека}
67%
samolot 7 са{молёт}
67%
słuchać 7 сл{ушать}
67%
sierpień 6 ав{густ}
67%
grudzień 7 де{кабрь}
67%
trawa 5 тр{ава}
67%
sprzedawać 9 пр{одавать}
67%
kamień 6 ка{мень}
67%
lewo 4 л{ево}
67%
dom 3 д{ом}
50%
samochód 6 ма{шина}
50%
kot 5 ко{шка}
50%
ziemia 5 зе{мля}
50%
ucho 3 у{хо}
50%
czekolada 7 шо{колад}
50%
świat/pokój 3 м{ир}
50%
dziadek 7 де{душка}
50%
ojciec 4 о{тец}
50%
myśleć 6 ду{мать}
50%
dzień dobry 12 зд{равствуйте}
50%
kwiat/kolor 4 ц{вет}
50%
kanapka 9 бу{терброд}
50%
hotel 9 го{стиница}
50%
łyżka 5 ло{жка}
50%
widelec 5 ви{лка}
50%
luty 7 фе{враль}
50%
październik 7 ок{тябрь}
50%
sobota 7 су{ббота}
50%
czas 5 вр{емя}
50%
tu (iść) 4 с{юда}
50%
portfel 8 бу{мажник}
50%
gotówka 8 на{личные}
50%
stopa 5 ст{опа}
50%
liczba/data 5 чи{сло}
50%
móc 4 м{очь}
50%
buty (wysokie) 7 бо{тинки}
50%
piękny 8 кр{асивый}
50%
pytanie 6 во{прос}
50%
zbyt 7 сл{ишком}
50%
przegrywać 11 пр{оигрывать}
50%
zadanie 6 за{дача}
50%
szeroki 7 ши{рокий}
50%
iść/padać (o śniegu, deszczu) 4 и{дти}
50%
zachód (na kompasie) 5 за{пад}
50%
zamek 5 за{мок}
50%
uwaga 8 вн{имание}
50%
brzeg 5 бе{рег}
50%
fala 5 во{лна}
50%
krótki 8 ко{роткий}
50%
ty 2 т{ы}
50%
wy 2 в{ы}
50%
lekcja 4 у{рок}
50%
biuro 4 о{фис}
50%
tył 3 з{ад}
50%
poranek 4 у{тро}
50%
nazwisko 7 фа{милия}
33%
wrzesień 7 се{нтябь}
33%
smutny, zmartwiony 8 гр{устный}
33%
tam (iść) 4 т{уда}
33%
aplikacja (w telefonie) 10 пр{иложение}
33%
kąt, kant 4 у{гол}
33%
mądry 5 ум{ный}
33%
wracać 9 ве{рнуться}
33%
zdrowie 8 зд{оровье}
33%
list 6 пи{сьмо}
33%
słodki 7 сл{адкий}
33%
żaba 7 ля{гушка}
33%
dyskoteka 9 ве{черинка}
25%
chmura 6 об{лако}
20%
Rosja 6 Ро{ссия}
0%
Polska 6 По{льша}
0%
być 4 б{ыть}
0%
mieć 5 им{еть}
0%
kobieta 7 же{нщина}
0%
rower 9 ве{лосипед}
0%
woda 4 в{ода}
0%
ogień 5 ог{онь}
0%
jabłko 6 яб{локо}
0%
pomarańcza 8 ап{ельсин}
0%
pokój (w domu) 7 ко{мната}
0%
pająk 4 п{аук}
0%
chłopiec 7 ма{льчик}
0%
dziewczynka 8 де{вчонка}
0%
babcia 7 ба{бушка}
0%
wujek 4 д{ядя}
0%
ciocia 4 т{ётя}
0%
matka 4 м{ать}
0%
mały 9 ма{ленький}
0%
odpoczywać 8 от{дыхать}
0%
dywan 5 ко{вёр}
0%
kanapa 5 ди{ван}
0%
ściana 5 ст{ена}
0%
drzwi 5 дв{ерь}
0%
okno 4 о{кно}
0%
piłka 3 м{яч}
0%
cześć 6 пр{ивет}
0%
zwierzę 8 жи{вотное}
0%
roślina 8 ра{стение}
0%
mąż 3 м{уж}
0%
żona 4 ж{ена}
0%
niebieski 5 си{ний}
0%
pomarańczowy 9 ор{анжевый}
0%
fioletowy 10 фи{олетовый}
0%
czarny 6 чё{рный}
0%
biały 5 бе{лый}
0%
szary 5 се{рый}
0%
brązowy 10 ко{ричневый}
0%
król 6 ко{роль}
0%
zabawka 7 иг{рушка}
0%
gorący 6 жа{ркий}
0%
wysoki 7 вы{сокий}
0%
niski 6 ни{зкий}
0%
lampa 5 ла{мпа}
0%
jeść 4 е{сть}
0%
pić 4 п{ить}
0%
jasny 7 св{етлый}
0%
pięć 4 п{ять}
0%
sześć 5 ше{сть}
0%
głowa 6 го{лова}
0%
plecak 6 рю{кзвк}
0%
żołnierz 6 со{лдат}
0%
wiedzieć/znać 5 зн{ать}
0%
córka 4 д{очь}
0%
słońce 6 со{лнце}
0%
księżyc 4 л{уна}
0%
niebo 4 н{ебо}
0%
truskawka 8 кл{убника}
0%
marchewka 7 мо{рковь}
0%
ziemniak 9 ка{ртофель}
0%
krowa 6 ко{рова}
0%
świnia 6 св{инья}
0%
owca 4 о{вца}
0%
kurczak 6 ку{рица}
0%
wołowina 8 го{вядина}
0%
sos 4 с{оус}
0%
wieprzowina 7 св{инина}
0%
brudny 7 гр{язный}
0%
czysty 6 чи{стый}
0%
chudy 6 то{нкий}
0%
gruby 7 то{лстый}
0%
mówić 8 го{ворить}
0%
powiedzieć 7 ск{азать}
0%
zamawiać 10 за{казывать}
0%
miasto 5 го{род}
0%
wieś 7 де{ревня}
0%
miejsce 5 ме{сто}
0%
szpital 8 бо{льница}
0%
lotnisko 8 аэ{ропорт}
0%
łódka 5 ло{дка}
0%
talerz 7 та{релка}
0%
nóż 3 н{ож}
0%
słyszeń 7 сл{ышать}
0%
kochać, lubić 6 лю{бить}
0%
miłość 6 лю{бовь}
0%
przyjaciółka 7 по{друга}
0%
znajomy 8 зн{акомый}
0%
styczeń 6 ян{варь}
0%
kwiecień 6 ап{рель}
0%
maj 3 м{ай}
0%
czerwiec 4 и{юнь}
0%
listopad 5 но{ябь}
0%
poniedziałek 11 по{недельник}
0%
wtorek 7 вт{орник}
0%
czwartek 7 че{тверг}
0%
piątek 7 пя{тница}
0%
niedziela 11 во{скресение}
0%
miesiąc 5 ме{сяц}
0%
rok 3 г{од}
0%
dobry 6 до{брый}
0%
dobry 7 хо{роший}
0%
zły, wściekły 4 з{лой}
0%
zły, kiepski 6 пл{охой}
0%
szczęśliwy 10 сч{астливый}
0%
uśmiechać się 9 ул{ыбаться}
0%
smutny, przygnębiony 9 пе{чальный}
0%
rosykski (dotyczący państwa) 10 ро{ссийский}
0%
owoc 5 фр{укт}
0%
warzywo 4 о{вощ}
0%
godzina 3 ч{ас}
0%
lub, albo 3 и{ли}
0%
albo 4 л{ибо}
0%
jeszcze 3 е{щё}
0%
nikt 5 ни{кто}
0%
nic 5 ни{что}
0%
kto 3 к{то}
0%
gdzie 3 г{де}
0%
ile 7 ск{олько}
0%
tam (być) 3 т{ам}
0%
tu (być) 3 т{ут}
0%
w środku 6 вн{утри}
0%
z wewnątrz 7 из{нутри}
0%
dzisiaj 7 се{годня}
0%
wczoraj 5 вч{ера}
0%
mi 3 м{не}
0%
tobie 4 т{ебе}
0%
ciebie 4 т{ебя}
0%
tobą 5 то{бой}
0%
niebezpieczny 7 оп{асный}
0%
nigdy 7 ни{когда}
0%
pisać/sikać 6 пи{сать}
0%
czytać 6 чи{тать}
0%
pociąg (pojazd) 5 по{езд}
0%
długopis 5 ру{чка}
0%
noga 4 н{ога}
0%
kolano 6 ко{лено}
0%
nos 3 н{ос}
0%
usta 3 р{от}
0%
randka 8 св{идание}
0%
spotkać się 11 вс{третиться}
0%
przycisk 6 кн{опка}
0%
ładowarka (do telefonu) 7 за{рядка}
0%
poduszka 7 по{душка}
0%
ryba 4 р{ыба}
0%
lis 4 л{иса}
0%
las 3 л{ес}
0%
wyspa 6 ос{тров}
0%
kraj 6 ст{рана}
0%
państwo 11 го{сударство}
0%
szybki 7 бы{стрый}
0%
wolny (w ruchu) 9 ме{дленный}
0%
telewizja 11 те{левидение}
0%
dawać 6 да{вать}
0%
krzyczeć 7 кр{ичать}
0%
oni, one 3 о{ни}
0%
ołówek 8 ка{рандаш}
0%
klucz 4 к{люч}
0%
buty (sportowe) 8 кр{асовки}
0%
spodnie 5 бр{юки}
0%
skarpeta 5 но{сок}
0%
okulary 4 о{чки}
0%
brzydki 9 ур{одливый}
0%
głośny 7 гр{омкий}
0%
cichy 5 ти{хий}
0%
filiżanka 5 ча{шка}
0%
szklanka 6 ст{акан}
0%
krzesło 4 с{тул}
0%
-kolwiek 7 -ни{будь}
0%
każdy (o ludziach) 6 ка{ждый}
0%
każdy (o przedmiotach), jakikolwiek 5 лю{бой}
0%
ulubiony 7 лю{бимый}
0%
wygrywać 10 вы{игрывать}
0%
ćwiczenie 10 уп{рожнение}
0%
brama 6 во{рота}
0%
droga 6 до{рога}
0%
mąka 4 м{ука}
0%
wąski 5 уз{кий}
0%
deszcz 5 до{ждь}
0%
śnieg 4 с{нег}
0%
tęcza 6 ра{дуга}
0%
wiatr 5 ве{тер}
0%
świecić 7 св{етить}
0%
stopień (kąta, temperatury) 6 гр{адус}
0%
sufit 7 по{толок}
0%
podłoga/płeć 3 п{ол}
0%
płot 5 за{бор}
0%
twardy 7 тв{ёрдый}
0%
miękki 6 мя{гкий}
0%
głupi 5 ту{пой}
0%
głupi 6 гл{упый}
0%
kłamstwo 4 л{ожь}
0%
prawda, fakt 6 ис{тина}
0%
spać 5 сп{ать}
0%
święty 6 св{ятой}
0%
południe (na kompasie) 2 ю{г}
0%
północ (na kompasie) 5 се{вер}
0%
wschód (na kompasie) 6 во{сток}
0%
południe (na zegarze) 7 по{лдень}
0%
północ (na zegarze) 7 по{лночь}
0%
wschód (słońca) 6 во{сход}
0%
zachód (słońca) 5 за{кат}
0%
szafa 4 ш{каф}
0%
lodówka 11 хо{лодильник}
0%
schody/drabina 8 ле{стница}
0%
silny 7 си{льный}
0%
blisko 6 бл{изко}
0%
rada (wszystkie znaczenia tego słowa) 5 со{вет}
0%
metal (substancja oraz muzyka) 6 ме{талл}
0%
obraz 7 ка{ртина}
0%
koszulka (z krótkimi rękawkami) 8 фу{тболка}
0%
koszulka (bez rękawków) 5 ма{йка}
0%
bluza 5 бл{уза}
0%
kieszeń 6 ка{рман}
0%
umierać 7 ум{ирать}
0%
zginąć 9 по{гибнуть}
0%
kraść 6 кр{асть}
0%
wojna 5 во{йна}
0%
pierścionek 6 ко{льцо}
0%
naszyjnik 8 ож{ерелье}
0%
gruszka 5 гр{уша}
0%
linijka 7 ли{нейка}
0%
gumka (do mazania, do włosów itd.) 7 ре{зинка}
0%
zeszyt 7 те{традь}
0%
ogłoszenie 10 об{ъявление}
0%
radio 5 ра{дио}
0%
piosenka 5 пе{сня}
0%
rzeka 4 р{ека}
0%
niedźwiedź 7 ме{дведь}
0%
plaża 4 п{ляж}
0%
niech 5 пу{сть}
0%
pomysł 4 и{дея}
0%
internet 8 ин{тернет}
0%
temat 4 т{ема}
0%
słownik 7 сл{оварь}
0%
pisać (ze sobą na czacie) 8 об{щаться}
0%
wielki 7 ве{ликий}
0%
długi (w czasie) 6 до{лгий}
0%
litera 5 бу{ква}
0%
poczta 5 по{чта}
0%
słowo 5 сл{ово}
0%
mowa 4 р{ечь}
0%
dziennikarz 9 жу{рналист}
0%
królowa 8 ко{ролева}
0%
ona 3 о{на}
0%
dodawać 9 до{бавлять}
0%
gotować/przygotowywać 8 го{товить}
0%
pomoc 6 по{мощь}
0%
kapusta 7 ка{пуста}
0%
sałata 5 са{лат}
0%
Ukraina 7 Ук{раина}
0%
Kazachstan 9 Ка{захстан}
0%
Kirgistan 8 Ки{ргизия}
0%
postanowić 6 ре{шить}
0%
drogi 7 до{рогой}
0%
cena 4 ц{ена}
0%
kupić 6 ку{пить}
0%
piekarnia 7 пе{карня}
0%
wybaczyć 8 пр{остить}
0%
żal, szkoda 4 ж{аль}
0%
film 5 фи{льм}
0%
tekst 5 те{кст}
0%
zdanie (jak np. "Ala ma kota."), propozycja 11 пр{едложение}
0%
ostry 6 ос{трый}
0%
pieprz 5 пе{рец}
0%
szkoła 5 шк{ола}
0%
kartka papieru 6 бу{мага}
0%
między 5 ме{жду}
0%
motyl 7 ба{бочка}
0%
myśl 5 мы{сль}
0%
chomik 5 хо{мяк}
0%
piasek 5 пе{сок}
0%
drewno 9 др{евесина}
0%
wanna 5 ва{нна}
0%
miska 4 ч{аша}
0%
kelner 8 оф{ициант}
0%
tłusty 6 жи{рный}
0%
koniec 5 ко{нец}
0%
początek 6 на{чало}
0%
góra (na górze) 4 в{ерх}
0%
dół (na dole) 3 н{из}
0%
najpierw 7 сн{ачала}
0%
grupa 6 гр{уппа}
0%
Nie znaleziono quizów pasujących do podanych kryteriów
Rozkład punktacji
Procent ludzi z każdym wynikiem
Percentyl według liczby udzielonych odpowiedzi
Twoja historia wyników
Nie rozwiązałeś tego quizu